Jessica, the rock star / (Record no. 2662)
[ view plain ]
| 000 -LEADER | |
|---|---|
| fixed length control field | 01103cam a22003253a 4500 |
| 005 - DATE AND TIME OF LATEST TRANSACTION | |
| control field | 20240109092704.0 |
| 020 ## - INTERNATIONAL STANDARD BOOK NUMBER | |
| International Standard Book Number | 0553157663 : |
| Terms of availability | $2.75 |
| 020 ## - INTERNATIONAL STANDARD BOOK NUMBER | |
| International Standard Book Number | 076783002753 |
| 040 ## - CATALOGING SOURCE | |
| Original cataloging agency | VTL |
| Transcribing agency | VTL |
| Modifying agency | DVA |
| -- | OCL |
| -- | DLC |
| Language of cataloging | eng |
| 050 00 - LIBRARY OF CONGRESS CALL NUMBER | |
| Classification number | PZ7.W6554834 |
| 082 ## - DEWEY DECIMAL CLASSIFICATION NUMBER | |
| Classification number | 813.54 |
| 100 1# - MAIN ENTRY--PERSONAL NAME | |
| Personal name | Suzanne, Jamie |
| 245 10 - TITLE STATEMENT | |
| Title | Jessica, the rock star / |
| Statement of responsibility, etc. | written by Jamie Suzanne ; created by Francine Pascal |
| 260 ## - PUBLICATION, DISTRIBUTION, ETC. | |
| Place of publication, distribution, etc. | New York : |
| Name of publisher, distributor, etc. | Bantam Books, |
| Date of publication, distribution, etc. | 1989 |
| 300 ## - PHYSICAL DESCRIPTION | |
| Extent | 102 pages : |
| Dimensions | 20 cm |
| 490 1# - SERIES STATEMENT | |
| Series statement | Sweet Valley Twins ; |
| Volume/sequential designation | 34 |
| 500 ## - GENERAL NOTE | |
| General note | "A Bantam Skylark Book" |
| 505 ## - FORMATTED CONTENTS NOTE | |
| Formatted contents note | Q |
| 520 ## - SUMMARY, ETC. | |
| Summary, etc. | Jessica wants to become a rock star and auditions with a group at Sweet Valley Middle School. When Elizabeth hears Jessica's singing, she thinks the whole thing is a nightmare. |
| 521 ## - TARGET AUDIENCE NOTE | |
| Target audience note | 700 |
| Source | Lexile estimate |
| 521 ## - TARGET AUDIENCE NOTE | |
| Target audience note | Q |
| Source | Raz-Plus |
| 650 #0 - SUBJECT ADDED ENTRY--TOPICAL TERM | |
| Topical term or geographic name entry element | Twins |
| Form subdivision | Fiction. |
| 650 #0 - SUBJECT ADDED ENTRY--TOPICAL TERM | |
| Topical term or geographic name entry element | Rock music |
| Form subdivision | Fiction. |
| 650 #0 - SUBJECT ADDED ENTRY--TOPICAL TERM | |
| Topical term or geographic name entry element | Singers |
| Form subdivision | Fiction. |
| 655 #7 - INDEX TERM--GENRE/FORM | |
| Genre/form data or focus term | Young adult fiction. |
| Source of term | lcsh |
| 700 1# - ADDED ENTRY--PERSONAL NAME | |
| Personal name | Pascal, Francine |
| Relator term | Creator |
| 906 ## - LOCAL DATA ELEMENT F, LDF (RLIN) | |
| a | 7 |
| b | cbc |
| c | copycat |
| d | 2 |
| e | ncip |
| f | 19 |
| g | y-genrareb |
| 942 ## - ADDED ENTRY ELEMENTS (KOHA) | |
| Source of classification or shelving scheme | Dewey Decimal Classification |
| Koha item type | Books |
| Suppress in OPAC | No |
| 999 ## - | |
| -- | 2662 |
| -- | 2662 |
| Withdrawn status | Lost status | Source of classification or shelving scheme | Damaged status | Not for loan | Collection | Home library | Current library | Shelving location | Date acquired | Total Checkouts | Full call number | Barcode | Date last seen | Date last checked out | Price effective from | Koha item type |
|---|---|---|---|---|---|---|---|---|---|---|---|---|---|---|---|---|
| Dewey Decimal Classification | Juvenile Fiction | Footprints International School Library Network Toul Kork Campus | Footprints International School Library Network Toul Kork Campus | 01/09/2024 | 1 | SUZ 813.54 PZ7.W6554834 | FIS01055 | 02/28/2024 | 01/12/2024 | 01/09/2024 | Books |
